Historia social de Chile y América. Sugerencias y aproximaciones.
Αποθηκεύτηκε σε:
| Κύριος συγγραφέας: | |
|---|---|
| Μορφή: | Βιβλίο |
| Γλώσσα: | Ισπανικά |
| Έκδοση: |
Santiago, Chile:
Universitaria,
1986.
|
| Έκδοση: | 1a. edición. |
| Σειρά: | Colección El Saber y la Cultura.
|
| Θέματα: | |
| Ετικέτες: |
Προσθήκη ετικέτας
Δεν υπάρχουν, Καταχωρήστε ετικέτα πρώτοι!
|
MARC
| LEADER | 00000nam a22000007a 4500 | ||
|---|---|---|---|
| 003 | CL-VaPUC | ||
| 005 | 20220822114345.0 | ||
| 008 | 000602e19860000CL |||||||||||||||||spa|d | ||
| 999 | |c 288628 |d 288626 | ||
| 020 | |a 84-8340-151-7 | ||
| 040 | |c Pontificia Universidad Católica de Valparaíso | ||
| 082 | 0 | 4 | |a 306.098 MEL 1986 |2 21 |
| 100 | |a Mellafe Rojas, Rolando Bernardo |e autor |9 617190 | ||
| 245 | 1 | 0 | |a Historia social de Chile y América. |b Sugerencias y aproximaciones. |
| 250 | |a 1a. edición. | ||
| 260 | |a Santiago, Chile: |b Universitaria, |c 1986. | ||
| 300 | |a 287 páginas. | ||
| 490 | 0 | |a Colección El Saber y la Cultura. | |
| 500 | |a c.4 Donación Familia Prof. Alejandro Guzmán Brito. | ||
| 583 | |a last modification |c 20180514 10:41:45 |k Rodrigo Vera | ||
| 650 | 0 | |a Historia social |z América Latina |z Chile |9 313638 | |
| 651 | 0 | |9 254862 |a Chile |x Condiciones sociales | |
| 651 | 0 | |a Latinoamérica |9 316393 |x Condiciones sociales | |
| 852 | |a BIBCUR | ||
| 942 | |c BK |2 ddc |n 0 | ||
| 952 | |0 0 |1 0 |2 ddc |4 0 |6 306_098000000000000_MEL_1986 |7 0 |8 A |9 336434 |a BIBHIS |b BIBHIS |d 2019-11-20 |i 127841K |l 2 |o 306.098 MEL 1986 |p 127841K |r 2025-01-20 |s 2023-08-10 |t 1 |w 2019-11-20 |y BK |k HIS | ||
| 952 | |0 0 |1 0 |2 ddc |4 0 |6 306_098000000000000_MEL_1986 |7 0 |8 A |9 336435 |a BIBHIS |b BIBHIS |d 2019-11-20 |i 1278428 |l 4 |o 306.098 MEL 1986 |p 1278428 |q 2025-06-04 |r 2025-05-05 |s 2025-05-05 |t 2 |w 2019-11-20 |y BK |k HIS | ||
| 952 | |0 0 |1 0 |2 ddc |4 0 |6 306_098000000000000_MEL_1986 |7 0 |8 A |9 336436 |a BIBHIS |b BIBHIS |d 2019-11-20 |i 3951790 |l 2 |m 1 |o 306.098 MEL 1986 |p 3951790 |r 2025-01-20 |s 2024-04-08 |t 3 |w 2019-11-20 |y BK |k HIS | ||